000 00287nam a2200109Ia 4500
008 220204s9999 xx 000 0 und d
082 _a3-055.2(-202)
_bNEL
100 _aNelson, N
245 0 _aWhy has development neglected rural women
260 _aNew York
_bPergamon
_c1979
942 _cBK
999 _c34843
_d34843